| 000 | 01543nam a22004577a 4500 | ||
|---|---|---|---|
| 001 | T0000640 | ||
| 003 | KOHA_MİRAKIL | ||
| 005 | 20260207004631.0 | ||
| 007 | ta | ||
| 008 | 210701b2021 tu |||grm|||#0|||0|tur | | ||
| 040 |
_aTR-BiSEU _btur _cTR-BiSEU _erda |
||
| 041 | 0 | _atur | |
| 044 | _ctu | ||
| 050 | 0 | 0 |
_aTez _b640 |
| 100 | 1 | _aMean, Erdal. | |
| 245 | 1 |
_aBilecik Hamsu Vadisi kültür mirası yönetimi/ _cErdal Mean ; Erdal Mean; danışman Mustafa Erkan Fidan. |
|
| 264 | 1 |
_aBilecik : _bBilecik Şeyh Edebali Üniversitesi _c2021 |
|
| 300 |
_axiv, 122 sayfa: harita,resimli; 30 cm. + _e1 CD-ROM |
||
| 336 |
_ametin _btxt _2rdacontent |
||
| 337 |
_aaracısız _bn _2rdamedia |
||
| 338 |
_acilt _bnc _2rdacarrier |
||
| 490 | 0 | _aRef. | |
| 490 | 0 | _aNo: 10216123 | |
| 500 | _aKaynakça var. | ||
| 500 | _aİngilizce Eser Adı: Management of cultural heritage for Bilecik Hamsu Valley | ||
| 502 | _aTez (Yüksek Lisans) -- Bilecik Şeyh Edebali Üniversitesi Sosyal Bilimler Enstitüsü Arkeoloji Anabilim Dalı, Bilecik, . | ||
| 650 | 0 |
_aKültür. _99654 |
|
| 650 | 0 |
_aKültürel Miras . _9124967 |
|
| 650 | 0 |
_aBilecik Hamsu Vadisi . _9124968 |
|
| 650 | 0 |
_aArkeopark. _9124969 |
|
| 650 | 0 |
_aAçık Hava Müzesi. _9124970 |
|
| 650 | 0 |
_aCulture. _99657 |
|
| 650 | 0 |
_aCultural Heritage. _9124971 |
|
| 650 | 0 |
_aBilecik Hamsu Valley . _9124972 |
|
| 650 | 0 |
_aArcheopark. _9124973 |
|
| 650 | 0 |
_a _95500 |
|
| 830 | 0 |
_aRef. _9123605 |
|
| 830 | 0 |
_aNo: 10216123 _9124974 |
|
| 856 | 4 | 0 | _uhttps://hdl.handle.net/11552/1729 |
| 907 | _aYüksek Lisans | ||
| 942 |
_2lcc _cTS |
||
| 999 |
_c66552 _d66552 |
||